|
|
|
|
| LEADER |
00000cam a2200000 7i4500 |
| 001 |
0000077024 |
| 005 |
20171214.0 |
| 008 |
171214 |
| 020 |
|
|
|a 9830992454
|
| 041 |
0 |
|
|a Malay
|
| 090 |
0 |
0 |
|a 297.18
|b MUH
|
| 100 |
0 |
|
|a Mohd Rashad Shamsuddin, Hj.
|
| 245 |
0 |
0 |
|a 4 Khalifah agung setelah Rasulullah S.A.W :
|b Abu Bakar As-Siddiq, Umar Al-Khattab, Uthman Ibn Afan, Ali Ibn Abi Talib
|c Hj. Mohd Rashad Shamsuddin
|
| 260 |
|
|
|a Selangor :
|b Al-Hidayah House of Publishers Sdn Bhd ,
|c 2014
|
| 300 |
|
|
|a 481p. ;
|c 22.5cm.
|
| 541 |
0 |
0 |
|c Purchased on 2017
|
| 650 |
|
0 |
|a Caliphs
|
| 999 |
|
|
|a 0001489760
|b Book
|c Adult Collection
|e Cawangan Tangkak
|
| 999 |
|
|
|a 0001489761
|b Book
|c Adult Collection
|e Cawangan Kota Tinggi
|
| 999 |
|
|
|a 0001489762
|b Book
|c Adult Collection
|e Cawangan Segamat
|
| 999 |
|
|
|a 0001489764
|b Book
|c Adult Collection
|e Cawangan Bandar Penawar
|
| 999 |
|
|
|a 0001489765
|b Book
|c Adult Collection
|e Cawangan Bandar Tenggara
|
| 999 |
|
|
|a 0001489766
|b Book
|c Adult Collection
|e Cawangan Batu Pahat
|
| 999 |
|
|
|a 0001489767
|b Book
|c Adult Collection
|e Cawangan Taman Sri Lambak
|
| 999 |
|
|
|a 0001489768
|b Book
|c Adult Collection
|e Cawangan Mersing
|
| 999 |
|
|
|a 0001489769
|b Book
|c Adult Collection
|e Cawangan Bukit Gambir
|
| 999 |
|
|
|a 0001489770
|b Book
|c Adult Collection
|e Cawangan Tmn. Ungku Tun Aminah
|
| 999 |
|
|
|a 0001489771
|b Book
|c Adult Collection
|e Cawangan Muar
|
| 999 |
|
|
|a 0001489772
|b Book
|c Adult Collection
|e Cawangan Pontian
|
| 999 |
|
|
|a 0001489827
|b Book
|c Adult Collection
|e Perbadanan Perpustakaan Awam Johor
|
| 999 |
|
|
|a 0001489828
|b Book
|c Adult Collection
|e Cawangan Urban Transformation Centre
|
| 999 |
|
|
|a 0001489829
|b Book
|c Adult Collection
|e Perbadanan Perpustakaan Awam Johor
|
| 999 |
|
|
|a 0001489830
|b Book
|c Adult Collection
|e Cawangan AEON Kulaijaya
|